Relato de un naúfrago que estuvo diez días a la deriva en una balsa sin comer ni beber; que fue proclamado héroe de la patria, besado por las reinas de belleza y hecho rico por la publicidad, y luego aborrecido por el gobierno y olvidado para siempre
Na minha lista:
| Autor principal: | |
|---|---|
| Formato: | Livro |
| Idioma: | espanhol |
| Publicado em: |
Santiago
Sudamericana
2001
|
| Edição: | 71a. ed |
| Assuntos: | |
| Tags: |
Adicionar Tag
Sem tags, seja o primeiro a adicionar uma tag!
|
MARC
| LEADER | 00000cam a2200000 a 4500 | ||
|---|---|---|---|
| 001 | UCH9787 | ||
| 003 | CL-VaPUC | ||
| 008 | 100121e20010400CL |||||||||||||||||spa|d | ||
| 020 | |a 9500700867 | ||
| 082 | 0 | 4 | |a Co863 |b GAR |2 21 |
| 100 | 0 | |a García Márquez, Gabriel |e author |9 318478 | |
| 245 | 1 | 0 | |a Relato de un naúfrago que estuvo diez días a la deriva en una balsa sin comer ni beber; que fue proclamado héroe de la patria, besado por las reinas de belleza y hecho rico por la publicidad, y luego aborrecido por el gobierno y olvidado para siempre |
| 250 | |a 71a. ed | ||
| 300 | |a 163 p | ||
| 942 | |c BK | ||
| 945 | |d 20100121 00:00:00 |a dcastane | ||
| 260 | |a Santiago |b Sudamericana |c 2001 | ||
| 650 | 0 | |a Literatura colombiana |9 315578 | |
| 650 | 0 | |a Novelas colombianas |9 266734 | |
| 650 | 0 | |a Cuentos colombianos |9 317132 | |
| 583 | |a last modification |c 20130530 12:19:58 |k Rodrigo Vera | ||
| 999 | |c 339676 |d 339674 | ||
| 952 | |0 0 |1 0 |4 0 |6 CO_863_000000000000000_GAR_2001 |7 0 |8 A |9 433447 |a BIBEDU |b BIBEDU |d 2019-11-22 |i 4974565 |l 1 |o Co863 GAR 2001 |p 4974565 |r 2024-12-02 |s 2024-11-28 |w 2019-11-22 |y BK |k LIT | ||